|
|
|
|
| LEADER |
01543nam a2200409Ia 4500 |
| 001 |
EBC957561 |
| 003 |
MiAaPQ |
| 005 |
20200520144314.0 |
| 006 |
m o d | |
| 007 |
cr cn||||||||| |
| 008 |
110711s2012 nyua sb 001 0 eng d |
| 010 |
|
|
|z 2011027811
|
| 020 |
|
|
|z 0415806771
|
| 020 |
|
|
|z 9780415806770
|
| 020 |
|
|
|z 9781136496431
|
| 035 |
|
|
|a (MiAaPQ)EBC957561
|
| 035 |
|
|
|a (Au-PeEL)EBL957561
|
| 035 |
|
|
|a (CaPaEBR)ebr10534945
|
| 035 |
|
|
|a (CaONFJC)MIL345905
|
| 035 |
|
|
|a (OCoLC)798533303
|
| 040 |
|
|
|a MiAaPQ
|c MiAaPQ
|d MiAaPQ
|
| 050 |
|
4 |
|a HF5657.4
|b .S846 2012
|
| 082 |
0 |
4 |
|a 658.15/11072
|2 23
|
| 100 |
1 |
|
|a Suomala, Petri,
|d 1974-
|
| 245 |
1 |
0 |
|a Management accounting research in practice
|h [electronic resource] :
|b lessons learned from an interventionist approach /
|c Petri Suomala and Jouni Lyly-Yrjanainen.
|
| 260 |
|
|
|a New York :
|b Routledge,
|c 2012.
|
| 300 |
|
|
|a xvi, 139 p. :
|b ill.
|
| 490 |
1 |
|
|a Routledge studies in accounting ;
|v 10
|
| 504 |
|
|
|a Includes bibliographical references and index.
|
| 533 |
|
|
|a Electronic reproduction. Ann Arbor, MI : ProQuest, 2015. Available via World Wide Web. Access may be limited to ProQuest affiliated libraries.
|
| 650 |
|
0 |
|a Managerial accounting.
|
| 650 |
|
0 |
|a Managerial accounting
|x Research.
|
| 655 |
|
4 |
|a Electronic books.
|
| 700 |
1 |
|
|a Lyly-Yrjanainen, Jouni,
|d 1976-
|
| 710 |
2 |
|
|a ProQuest (Firm)
|
| 830 |
|
0 |
|a Routledge studies in accounting ;
|v 10.
|
| 856 |
4 |
0 |
|u https://ebookcentral.proquest.com/lib/matrademy/detail.action?docID=957561
|z Click to View
|